| 000 | 00582nam a2200169Ia 4500 | ||
|---|---|---|---|
| 003 | IN-BaIIA | ||
| 008 | 211028s9999 xx 000 0 eng d | ||
| 040 | _cIIA Library | ||
| 080 |
_a655.3:026 _bHIL |
||
| 100 |
_aHill, T. G. _92066 |
||
| 245 | 4 |
_aThe essentials of illustration _ba practical guide to the reproduction of drawings and photographs for the use of scientists and others _cT. G. Hill |
|
| 260 |
_aLondon _bWilliam Wesley _c1915 |
||
| 300 | _axii, 91p. | ||
| 650 | _aNASA Thesaurus | ||
| 650 |
_aPrinting _92067 |
||
| 942 | _cBK | ||
| 999 |
_c961 _d961 |
||